Top 5 Città più popolose Provincia di Barletta-Andria-Trani - Statistics

Statistiche generali
  • Questo quiz è stato fatto 16 volte
  • Il punteggio medio è 4 su 5
Statistiche sulle risposte
Popolazione (ab.) Città % Corretto
97 146 Andria
100%
92 427 Barletta
100%
54 848 Trani
100%
53 534 Bisceglie
64%
27 943 Canosa di Puglia
50%
Nessun quiz corrispondente trovato
Distribuzione punteggi
Percentuale di utenti per punteggio
Percentile per numero di risposta
I tuoi punteggi nel tempo
Non hai fatto questo quiz